| 000 | 00899nam a22001817a 4500 | ||
|---|---|---|---|
| 999 |
_c59893 _d59893 |
||
| 003 | Ge_BSU | ||
| 005 | 20230505163950.0 | ||
| 008 | 230505s1970 ge ||||| |||| 00| 0 geo d | ||
| 041 | _ageo | ||
| 080 | _a94(479.22) + 338(479.22)(09) ს-32 | ||
| 245 |
_aსაქართველოს სსრ : _bმოკლე ისტორიულ-ეკონომიკური ნარკვევი / _cპ. გუგუშვილის რედაქციით. |
||
| 264 |
_aთბილისი : _b საბჭ. საქართველო, _c1970. |
||
| 300 |
_a345 გვ. ; _b22 სმ. |
||
| 653 | _aსაქართველოს ახალი ისტორია | ||
| 653 | _aსაქართველოს ეკონომიკის ისტორია | ||
| 700 |
_aგუგუშვილი, პ. _eრედაქტორი _918004 |
||
| 942 |
_2udc _cBK |
||